Nadakam nadakapatanangal/ (Record no. 181841)

000 -LEADER
fixed length control field 00492nam a22001697a 4500
020 ## - INTERNATIONAL STANDARD BOOK NUMBER
ISBN 978-93-48132-00-0
082 ## - DEWEY DECIMAL CLASSIFICATION NUMBER
Classification number M200 7
Item number MAN/N
245 ## - TITLE STATEMENT
Title Nadakam nadakapatanangal/
Statement of responsibility, etc by Manoj M B (ed.) and Nidhinya P (ed.).
260 ## - PUBLICATION, DISTRIBUTION, ETC. (IMPRINT)
Place of publication Kozhikode:
Name of publisher Pavanatma Publishers Pvt. Ltd., 2025
Year of publication 2025.
300 ## - PHYSICAL DESCRIPTION
Number of Pages 296p.
650 ## - SUBJECT ADDED ENTRY--TOPICAL TERM
Topical Term Drama Malayalam Study
650 ## - SUBJECT ADDED ENTRY--TOPICAL TERM
Topical Term Literature Malayalam
650 ## - SUBJECT ADDED ENTRY--TOPICAL TERM
Topical Term Literature
700 ## - ADDED ENTRY--PERSONAL NAME
Personal name Manoj M B (ed.).
700 ## - ADDED ENTRY--PERSONAL NAME
Personal name Nidhinya P (ed.).
942 ## - ADDED ENTRY ELEMENTS (KOHA)
Koha item type Book
Holdings
Withdrawn status Lost status Damaged status Not for loan Permanent Location Current Location Shelving location Date acquired Cost, normal purchase price Full call number Accession Number Price effective from Koha item type
        Sree Sankaracharya University of Sanskrit Sree Sankaracharya University of Sanskrit Stacks 26.05.2026 590.00 M200 7 MAN/N 108960 26.05.2026 Book